mysqli: Table './ulib62015/stat_globaluid' is marked as crashed and should be repaired
select id from stat_globaluid where statuid='20260705224403_1450'
mysqli: Table './ulib62015/stat_globaluid' is marked as crashed and should be repaired
DELETE FROM stat_globaluid
WHERE id NOT IN (
SELECT id
FROM (
SELECT id
FROM stat_globaluid
ORDER BY id DESC
LIMIT 100
) foo
);
mysqli: Table './ulib62015/stat_globaluid' is marked as crashed and should be repaired
insert into stat_globaluid set
statuid='20260705224403_1450',
dt='1783266243',
phpself='/ULIB62015/dublinfull.php',
agent='Mozilla/5.0 AppleWebKit/537.36 (KHTML, like Gecko; compatible; ClaudeBot/1.0; +claudebot@anthropic.com)',
yea='2026',
mon='7',
dat='5',
ip='216.73.216.111'
mysqli: Table './ulib62015/stathist_viewbib_bib_type' is marked as crashed and should be repaired
insert into stathist_viewbib_bib_type set
dat='05' ,
mon='07' ,
yea='2026' ,
statuid='20260705224403_1450' ,
head='13399123047' ,
foot='marc' ,
dt='1783266243'
LEADER : 00000nam 2200000uu 4500
001 13399123047
003 ULIB
008 220818s2017||||th 000 0 tha d
020 ^a9781496320575 (pbk.)
020 ^a1496320573 (pbk.)
060 04 ^aQV38^bP957 2017
245 10 ^aPrinciples of pharmacology :^bthe pathophysiologic basis of drug therapy /^cDavid E. Golan, editor in chief ;^cEhrin J. Armstrong, April W. Armstrong, associate editors
250 ^a4th ed.
260 ^aPhiladelphia, PA :^bWolters Kluwer Health,^cc2017